[Event "Turkish Club Cup 2019"]
[Site "Konya"]
[Date "2019.07.18"]
[Round "4"]
[White "Cingoz, Ozan"]
[Black "Dogan, Osman Fatih"]
[Result "1/2-1/2"]
[WhiteElo "2030"]
[BlackElo "1787"]
[Annotator "NA RC"]
[PlyCount "149"]
[EventDate "2019.07.16"]
[EventType "team-tourn"]
[EventCountry "TUR"]
[SourceTitle "playchess.com"]
[Source "ChessBase"]
[SourceQuality "1"]
[TimeControl "5400+30"]

1. d4 {[%emt 0:00:30]} Nf6 {[%emt 0:00:30]} 2. Nf3 {[%emt 0:00:30]} d5 {[%emt 0:00:30]} 3. Bf4 {[%emt 0:01:30]} c5 {[%emt 0:00:00]} 4. c3 {[%emt 0:01:30]} Qb6 {[%emt 0:01:00]} 5. Qb3 {[%emt 0:02:30]} Nc6 {[%emt 0:00:30]} 6. e3 {[%emt 0:02:30]} c4 {[%emt 0:00:30]} 7. Qc2 {[%emt 0:00:30]} Bf5 {[%emt 0:00:30]} 8. Qc1 {[%emt 0:00:30]} e6 {[%emt 0:00:00]} 9. h3 {[%emt 0:08:30] D02: 1 d4 d5 2 Nf3 sidelines, including 2...Nf6 3 g3 and 2...Nf6 3 Bf4} (9. Nbd2 Qd8 10. h3 h6 11. Be2 Be7 12. O-O O-O 13. Bd1 b5 14. Bc2 Bxc2 15. Qxc2 Bd6 16. Bxd6 Qxd6 17. e4 dxe4 18. Nxe4 Nxe4 19. Qxe4 Qd5 20. Qxd5 exd5 {1-0 (51) Nisipeanu,L (2674)-Parligras,M (2645) Bucharest 2018}) 9... Be7 {[%emt 0:00:00]} 10. Be2 $146 {[%emt 0:01:30]} ({Predecessor:} 10. Nbd2 h6 11. Be2 O-O {½-½ (45) Tanda,G (1983)-Nunez Ravelo,A (1877) FICGS email 2010}) 10... O-O {[%emt 0:00:00]} 11. O-O {[%emt 0:05:30]} h6 {[%emt 0:00:00]} 12. Nbd2 {[%emt 0:06:30]} Rfc8 {[%emt 0:00:00]} 13. Bd1 {[%emt 0:01:30]} Qd8 {[%emt 0:04:00]} 14. Bc2 {[%emt 0:01:30]} Bxc2 {[%emt 0:00:30]} 15. Qxc2 {[%emt 0:00:30]} b5 {[%emt 0:00:30]} 16. e4 {[%emt 0:04:30]} a5 {[%emt 0:11:30]} 17. a4 {[%emt 0:04:30]} b4 {[%emt 0:05:30]} 18. Rfe1 {[%emt 0:03:30]} b3 {[%emt 0:04:30]} 19. Qd1 {[%emt 0:03:30]} Nb8 {[%emt 0:00:00]} 20. e5 {[%emt 0:02:30]} Nh7 {[%emt 0:01:00]} 21. Nh2 {[%emt 0:05:30]} Nd7 {[%emt 0:03:30]} 22. Re3 {[%emt 0:02:30]} Nhf8 {[%emt 0:01:30]} 23. Rg3 {[%emt 0:04:30]} Bh4 {[%emt 0:01:30]} 24. Rf3 {[%emt 0:03:30]} Ra7 {[%emt 0:01:30]} 25. Ng4 {[%emt 0:00:30]} h5 {[%emt 0:05:30]} 26. Nh2 {[%emt 0:03:30]} Ng6 {[%emt 0:04:30]} 27. Ndf1 {[%emt 0:01:30]} Ngf8 {[%emt 0:03:30]} 28. g4 {[%emt 0:03:30]} hxg4 {[%emt 0:02:30]} 29. Nxg4 {[%emt 0:03:30]} Ng6 {[%emt 0:02:30]} 30. Ng3 {[%emt 0:01:30]} Ndf8 {[%emt 0:01:30]} 31. Bd2 {[%emt 0:01:30]} Nh7 {[%emt 0:01:30]} 32. Kh2 {[%emt 0:03:10]} Ng5 {[%emt 0:03:30]} 33. Bxg5 {[%emt 0:00:55]} Bxg5 {[%emt 0:00:30]} 34. Ne2 {[%emt 0:01:44]} Nh4 {[%emt 0:02:30]} 35. Rg3 {[%emt 0:00:30]} Nf5 {[%emt 0:00:00]} 36. Rg1 {[%emt 0:00:25]} g6 {[%emt 0:01:00]} 37. f4 {[%emt 0:03:48]} Bh4 {[%emt 0:00:30]} 38. Qd2 {[%emt 0:00:49]} Kg7 {[%emt 0:00:30]} 39. Ne3 {[%emt 0:00:00]} Nxe3 {[%emt 0:05:30]} 40. Qxe3 {[%emt 0:00:00]} Qh8 {[%emt 0:00:30]} 41. Qf3 {[%emt 0:01:06]} Kf8 {[%emt 0:00:30]} 42. Rg4 {[%emt 0:02:44]} Ke7 {[%emt 0:00:30]} 43. Kg2 {[%emt 0:01:27]} Rg8 {[%emt 0:01:30]} 44. Rh1 {[%emt 0:01:13]} Raa8 {[%emt 0:00:30]} 45. Ng1 {[%emt 0:02:15]} Qh5 {[%emt 0:00:30]} 46. Qf1 {[%emt 0:00:52]} Kd7 {[%emt 0:00:30]} 47. Nf3 {[%emt 0:00:30]} Be7 {[%emt 0:00:30]} 48. Ng5 {[%emt 0:00:00]} Raf8 {[%emt 0:00:30]} 49. Qf2 {[%emt 0:00:40]} Rh8 {[%emt 0:01:30]} 50. Qe3 {[%emt 0:00:39]} Qh6 {[%emt 0:02:30]} 51. Rg3 {[%emt 0:02:06]} Qg7 {[%emt 0:00:30]} 52. Rf1 {[%emt 0:02:33]} Rh5 {[%emt 0:03:30]} 53. f5 {[%emt 0:00:52]} Bxg5 {[%emt 0:02:30]} 54. fxe6+ {[%emt 0:00:28]} fxe6 {[%emt 0:00:30]} 55. Rxg5 {[%emt 0:00:08]} Rxf1 {[%emt 0:00:30]} 56. Kxf1 {[%emt 0:00:33]} Qh6 {[%emt 0:00:30]} 57. Rg3 {[%emt 0:00:01]} Rf5+ {[%emt 0:00:30]} 58. Kg2 {[%emt 0:00:20]} Qh5 {[%emt 0:03:30]} 59. Rf3 {[%emt 0:01:37]} Ke7 {[%emt 0:01:30]} 60. Rxf5 {[%emt 0:02:24]} gxf5 {[%emt 0:00:30]} 61. Qf3 {[%emt 0:00:19]} Qh4 {[%emt 0:00:30]} 62. Qe3 {[%emt 0:01:06]} Kf7 {[%emt 0:00:30]} 63. Qf3 $15 {[%emt 0:00:05]} Qe4 {[%emt 0:01:30]} 64. Qxe4 {[%emt 0:00:42]} fxe4 {[%emt 0:00:30]} 65. Kg3 {[%emt 0:00:12]} Kg6 {[%emt 0:00:30]} 66. Kg4 {[%emt 0:00:00]} Kh6 {[%emt 0:00:30]} 67. Kh4 {[%emt 0:00:22]} Kg7 {[%emt 0:01:30]} 68. Kg4 {[%emt 0:00:46]} Kg6 {[%emt 0:00:30]} 69. h4 {[%emt 0:00:19]} Kh6 {[%emt 0:00:30]} 70. h5 {[%emt 0:00:04]} Kh7 {[%emt 0:00:49]} 71. Kh4 {[%emt 0:00:06]} Kg7 {[%emt 0:04:20]} 72. Kg4 {[%emt 0:00:17]} Kh6 {[%emt 0:00:34]} 73. Kh4 {[%emt 0:00:01]} e3 {[%emt 0:01:40]} 74. Kg3 {[%emt 0:00:05]} Kxh5 {[%emt 0:00:21]} 75. Kf3 {[%emt 0:00:05]} 1/2-1/2

[Event "Turkish Club Cup 2019"]
[Site "Konya"]
[Date "2019.07.18"]
[Round "4"]
[White "Kucuk, Dogan"]
[Black "Guven, Oguz Kagan"]
[Result "1/2-1/2"]
[WhiteElo "2028"]
[BlackElo "2142"]
[Annotator "TA"]
[PlyCount "74"]
[EventDate "2019.07.16"]
[EventType "team-tourn"]
[EventCountry "TUR"]
[SourceTitle "playchess.com"]
[Source "ChessBase"]
[SourceQuality "1"]

{[%evp 10,74,13,13,18,24,31,35,27,27,41,43,38,34,57,60,54,45,42,42,74,76,97,40,41,45,106,116,114,106,110,97,147,143,174,169,187,189,189,162,192,181,202,202,202,202,318,320,582,9,9,4,18,0,0,0,30,0,0,0,0,0,0,0,0,0,0]} 1. e4 c5 2. Nf3 d6 3. Bb5+ Nd7 4. d4 cxd4 5. Qxd4 e5 6. Qd3 Be7 {B51: Sicilian: Moscow Variation (3 Bb5+) without 3...Bd7} (6... a6 7. Bxd7+ Bxd7 8. c4 Rc8 9. a4 b5 10. axb5 axb5 11. b3 bxc4 12. bxc4 Be7 13. O-O Be6 14. Ra4 {½-½ (14) Gharamian,T (2614)-Solodovnichenko,Y (2531) Brest 2018}) 7. c4 Ngf6 8. Nc3 O-O {White is slightly better.} 9. Bxd7 Bxd7 10. Bg5 Rc8 11. O-O Ne8 $146 ({Predecessor:} 11... Nh5 12. Bxe7 Qxe7 13. Rfd1 Rc6 14. Nd5 {1-0 (27) Franzen,J (2227)-Gazik,I (2240) Slovakia 2019}) 12. Bxe7 Qxe7 13. Nd2 Nc7 14. Rfd1 Ne6 15. Nf3 Rc6 16. Nd5 (16. Nxe5 $1 $16 dxe5 17. Qxd7 Qxd7 18. Rxd7) 16... Qd8 17. b4 {[%cal Bb2b4,Bb4b5][%mdl 32]} Ng5 {[#]} (17... f6 $14) 18. Nxg5 $1 $16 Qxg5 19. b5 $36 {[%mdl 2048] White has strong initiative.} Rcc8 20. Ne3 Rfd8 21. Qa3 Bg4 22. Rxd6 Rxd6 23. Qxd6 Be6 24. Rd1 h5 25. c5 Qf4 26. Nd5 Bxd5 27. Qxd5 $18 {[%mdl 4096] Endgame KQR-KQR} Qg4 (27... Qf6 $142 28. h3 (28. Qxb7 Rxc5 29. a4 Qd6 $16) 28... Qe7) 28. h3 Qe2 $2 (28... Qg5 29. Qd6 (29. Qxb7 Rxc5 30. Qb8+ Kh7 $18) 29... Qf6 30. Qxf6 gxf6) 29. Rc1 $2 (29. c6 $18 bxc6 {[#]} 30. Qd7 $1 {[%mdl 576] Double Attack}) 29... Qxb5 $11 30. Qxe5 b6 31. Qxh5 Rxc5 32. Qd1 Qb2 33. Qd8+ Kh7 {The position is equal.} 34. Rd1 {Threatens to win with Qh4+.} Rc1 35. Qh4+ Kg8 36. Qd8+ Kh7 37. Qh4+ Kg8 {Accuracy: White = 59%, Black = 44%.} 1/2-1/2

[Event "Turkish Club Cup 2019"]
[Site "Konya"]
[Date "2019.07.18"]
[Round "4"]
[White "Caputcuoglu, Zeki Berke"]
[Black "Yalcin, Ozgun"]
[Result "1/2-1/2"]
[WhiteElo "2010"]
[BlackElo "1881"]
[Annotator "NA"]
[PlyCount "60"]
[EventDate "2019.07.16"]
[EventType "team-tourn"]
[EventCountry "TUR"]
[SourceTitle "playchess.com"]
[Source "ChessBase"]
[SourceQuality "1"]
[TimeControl "5400+30"]

1. Nf3 {[%emt 0:00:30]} c5 {[%emt 0:01:30]} 2. e4 {[%emt 0:00:00]} d6 {[%emt 0:00:30]} 3. d4 {[%emt 0:00:00]} cxd4 {[%emt 0:00:00]} 4. Nxd4 {[%emt 0:00:30]} Nf6 {[%emt 0:00:00]} 5. Nc3 {[%emt 0:01:30]} g6 {[%emt 0:00:00]} 6. Be3 {[%emt 0:00:00]} Bg7 {[%emt 0:00:00]} 7. f3 {[%emt 0:00:00]} O-O {[%emt 0:00:00]} 8. Qd2 {[%emt 0:00:30]} Nc6 {[%emt 0:00:00]} 9. Bc4 {[%emt 0:00:30]} Bd7 {[%emt 0:00:30]} 10. O-O-O {[%emt 0:00:30]} Qa5 {[%emt 0:00:00]} 11. Bb3 {[%emt 0:00:30]} Rfc8 {[%emt 0:00:00]} 12. g4 {[%emt 0:07:30]} Ne5 {[%emt 0:05:30]} 13. h4 {[%emt 0:04:30]} Rc4 {[%emt 0:21:30]} 14. Bxc4 {[%emt 0:04:30]} Nxc4 {[%emt 0:03:30]} 15. Qd3 {[%emt 0:00:00]} Qb4 {[%emt 0:00:30]} 16. Nb3 {[%emt 0:02:00]} Nxe4 {[%emt 0:02:30]} 17. fxe4 {[%emt 0:13:30]} Bxc3 {[%emt 0:00:30]} 18. Bd4 {[%emt 0:00:00]} Bxd4 {[%emt 0:02:30]} 19. Qxd4 {[%emt 0:00:00]} Bxg4 {[%emt 0:11:30]} 20. Rdf1 {[%emt 0:06:30]} h5 {[%emt 0:07:30]} 21. Rh2 {[%emt 0:09:30]} Qb5 {[%emt 0:03:30]} 22. Rhf2 {[%emt 0:01:30]} Ne5 {[%emt 0:02:30]} 23. Kb1 {[%emt 0:07:30]} a6 {[%emt 0:05:30]} 24. Nc1 {[%emt 0:00:30]} Be6 {[%emt 0:04:30]} 25. Nd3 {[%emt 0:02:30]} Qc4 {[%emt 0:08:30]} 26. Qxc4 {[%emt 0:01:30]} Bxc4 {[%emt 0:00:46]} 27. Rd1 {[%emt 0:00:30]} Ng4 {[%emt 0:02:03]} 28. Rfd2 {[%emt 0:00:30]} f6 {[%emt 0:01:22]} 29. Nf4 {[%emt 0:04:30]} Bf7 {[%emt 0:00:53]} 30. b3 {[%emt 0:04:30]} b5 {[%emt 0:01:13]} 1/2-1/2

[Event "Turkish Club Cup 2019"]
[Site "Konya"]
[Date "2019.07.18"]
[Round "4"]
[White "Cakiroglu, Metin"]
[Black "Eroz, Enis"]
[Result "1/2-1/2"]
[WhiteElo "1970"]
[BlackElo "1618"]
[Annotator "NA RC"]
[PlyCount "111"]
[EventDate "2019.07.16"]
[EventType "team-tourn"]
[EventCountry "TUR"]
[SourceTitle "playchess.com"]
[Source "ChessBase"]
[SourceQuality "1"]
[TimeControl "5400+30"]

1. e4 {[%emt 0:00:30]} c5 {[%emt 0:00:30]} 2. Nc3 {[%emt 0:00:30]} Nc6 {[%emt 0:00:30]} 3. g3 {[%emt 0:00:00]} g6 {[%emt 0:00:00]} 4. Bg2 {[%emt 0:00:00]} Bg7 {[%emt 0:00:00]} 5. d3 {[%emt 0:00:00]} d6 {[%emt 0:00:30]} 6. Be3 {[%emt 0:00:00]} h5 {[%emt 0:00:30]} 7. h3 {[%emt 0:00:00]} Nf6 {[%emt 0:00:30]} 8. Qd2 {[%emt 0:00:00]} Bd7 {[%emt 0:01:30]} 9. Nge2 {[%emt 0:00:30]} Qa5 {[%emt 0:00:30]} 10. a4 {[%emt 0:00:30]} a6 {[%emt 0:03:30]} 11. Ra3 {[%emt 0:00:00]} e5 {[%emt 0:10:30]} 12. Rb3 {[%emt 0:00:00]} Nd4 {[%emt 0:02:30]} 13. Ra3 {[%emt 0:01:30]} Qb6 {[%emt 0:06:30]} 14. Nd1 {[%emt 0:00:30]} Be6 {[%emt 0:01:30]} 15. Nc1 {[%emt 0:11:30]} h4 {[%emt 0:03:30]} 16. c3 {[%emt 0:00:30]} Nc6 {[%emt 0:01:30]} 17. g4 {[%emt 0:00:30]} Rd8 {[%emt 0:02:30]} 18. b4 {[%emt 0:01:30]} Nd7 {[%emt 0:01:30]} 19. Nb3 {[%emt 0:01:30]} Bxb3 {[%emt 0:03:30]} 20. Rxb3 {[%emt 0:04:30]} Qc7 {[%emt 0:01:30]} 21. Nb2 {[%emt 0:03:30]} Ne7 {[%emt 0:10:30]} 22. O-O {[%emt 0:02:30]} f5 {[%emt 0:02:30]} 23. exf5 {[%emt 0:05:30]} gxf5 {[%emt 0:00:30]} 24. gxf5 {[%emt 0:01:30]} Nxf5 {[%emt 0:01:30]} 25. Bg5 {[%emt 0:01:30]} Rb8 {[%emt 0:02:30]} 26. bxc5 {[%emt 0:02:30]} Nxc5 {[%emt 0:01:30]} 27. Rb4 {[%emt 0:00:00]} Ne6 {[%emt 0:07:30]} 28. Bd5 {[%emt 0:01:00]} Kd7 {[%emt 0:01:30]} 29. Nc4 {[%emt 0:03:30]} b5 {[%emt 0:00:00]} 30. Na3 {[%emt 0:02:30]} Bh6 {[%emt 0:06:00]} 31. Bxh6 {[%emt 0:01:30]} Rxh6 {[%emt 0:00:30]} 32. axb5 {[%emt 0:05:30]} Rg6+ {[%emt 0:01:30]} 33. Kh2 {[%emt 0:01:30]} Qc5 {[%emt 0:05:30]} 34. Be4 {[%emt 0:02:30]} Rf8 {[%emt 0:02:30]} 35. Rg1 {[%emt 0:18:30]} Ng3 {[%emt 0:04:47]} 36. Bc6+ {[%emt 0:01:30]} Ke7 {[%emt 0:00:54]} 37. d4 {[%emt 0:00:30]} exd4 {[%emt 0:02:31]} 38. cxd4 {[%emt 0:00:00]} Qf5 {[%emt 0:01:41]} 39. fxg3 {[%emt 0:03:00]} hxg3+ {[%emt 0:00:33]} 40. Rxg3 {[%emt 0:00:30]} Rxg3 {[%emt 0:02:07]} 41. Kxg3 {[%emt 0:00:00]} d5 {[%emt 0:00:20]} 42. Rb3 {[%emt 0:02:00]} Rg8+ {[%emt 0:02:46]} 43. Kh2 {[%emt 0:00:00]} Ng5 {[%emt 0:01:54]} 44. Nc2 {[%emt 0:07:00]} Ne4 {[%emt 0:01:05]} 45. Qe1 {[%emt 0:06:16]} Qf4+ {[%emt 0:02:02]} 46. Kh1 {[%emt 0:00:06]} Kd8 {[%emt 0:03:03]} 47. Qa5+ {[%emt 0:01:44]} Ke7 {[%emt 0:00:12]} 48. Qa3+ {[%emt 0:02:24]} Kd8 {[%emt 0:00:04]} 49. Rf3 {[%emt 0:02:45]} Ng3+ {[%emt 0:00:48]} 50. Kg2 {[%emt 0:00:10]} Qd2+ {[%emt 0:00:23]} 51. Kg1 {[%emt 0:01:04]} Ne4+ {[%emt 0:01:09]} 52. Kf1 {[%emt 0:00:24]} Qg2+ {[%emt 0:01:17]} 53. Ke1 {[%emt 0:00:04]} Qd2+ {[%emt 0:00:08]} 54. Kf1 {[%emt 0:00:04]} Qg2+ {[%emt 0:00:46]} 55. Ke1 {[%emt 0:00:00]} Qd2+ {[%emt 0:00:11]} 56. Kf1 {[%emt 0:00:03]} 1/2-1/2

[Event "Turkish Club Cup 2019"]
[Site "Konya"]
[Date "2019.07.18"]
[Round "4"]
[White "Yasin, Hur"]
[Black "Taskaya, Muhammed"]
[Result "1/2-1/2"]
[WhiteElo "1953"]
[BlackElo "2011"]
[Annotator "NA RC"]
[PlyCount "106"]
[EventDate "2019.07.16"]
[EventType "team-tourn"]
[EventCountry "TUR"]
[SourceTitle "playchess.com"]
[Source "ChessBase"]
[SourceQuality "1"]
[TimeControl "5400+30"]

1. e4 {[%emt 0:00:30]} e6 {[%emt 0:00:30]} 2. Nf3 {[%emt 0:00:30]} d5 {[%emt 0:00:00]} 3. e5 {[%emt 0:00:30]} c5 {[%emt 0:00:00]} 4. b4 {[%emt 0:00:00]} cxb4 {[%emt 0:02:30]} 5. a3 {[%emt 0:00:00]} bxa3 {[%emt 0:00:00]} 6. c3 {[%emt 0:00:30]} Bd7 {[%emt 0:10:00]} 7. d4 {[%emt 0:01:30]} Nc6 {[%emt 0:09:30]} 8. Bd3 {[%emt 0:01:30]} h6 {[%emt 0:04:30]} 9. O-O {[%emt 0:00:30]} Na5 {[%emt 0:03:30]} 10. Nxa3 {[%emt 0:00:30]} a6 {[%emt 0:05:30]} 11. Nd2 {[%emt 0:02:30]} Rc8 {[%emt 0:00:30]} 12. Bb2 {[%emt 0:02:30]} Bxa3 {[%emt 0:21:30]} 13. Rxa3 {[%emt 0:01:30]} Bb5 {[%emt 0:00:30]} 14. Bxb5+ {[%emt 0:05:30]} axb5 {[%emt 0:00:00]} 15. Qa1 {[%emt 0:04:30]} b6 {[%emt 0:08:00]} 16. Rb1 {[%emt 0:03:30]} Ne7 {[%emt 0:00:30]} 17. Bc1 {[%emt 0:00:00]} Qd7 {[%emt 0:02:30]} 18. Qb2 {[%emt 0:00:00]} Nc4 {[%emt 0:04:30]} 19. Nxc4 {[%emt 0:00:30]} dxc4 {[%emt 0:00:30]} 20. Qxb5 {[%emt 0:00:30]} Qxb5 {[%emt 0:00:30]} 21. Rxb5 {[%emt 0:00:00]} Nd5 {[%emt 0:00:30]} 22. Rb1 {[%emt 0:02:00]} Kd7 {[%emt 0:03:30]} 23. Rba1 {[%emt 0:06:30]} Kc6 {[%emt 0:07:31]} 24. Kf1 {[%emt 0:00:30]} Nc7 {[%emt 0:01:28]} 25. Ra4 {[%emt 0:13:30]} Kd5 {[%emt 0:04:34]} 26. Ba3 {[%emt 0:02:30]} Ra8 {[%emt 0:03:15]} 27. Bd6 {[%emt 0:00:30]} Rxa4 {[%emt 0:00:30]} 28. Rxa4 {[%emt 0:00:00]} Nb5 {[%emt 0:00:52]} 29. Bb4 {[%emt 0:00:00]} Rc8 {[%emt 0:02:02]} 30. Ke2 {[%emt 0:01:30]} g6 {[%emt 0:01:44]} 31. Kd2 {[%emt 0:00:30]} Nc7 {[%emt 0:01:42]} 32. Ra7 {[%emt 0:04:30]} Kc6 {[%emt 0:01:34]} 33. Bd6 {[%emt 0:05:30]} Nb5 {[%emt 0:00:08]} 34. Rxf7 {[%emt 0:00:30]} Nxd6 {[%emt 0:00:58]} 35. exd6 {[%emt 0:00:30]} Kxd6 {[%emt 0:00:03]} 36. Rb7 {[%emt 0:01:30]} Kc6 {[%emt 0:01:34]} 37. Rg7 {[%emt 0:00:30]} g5 {[%emt 0:00:16]} 38. Rg6 {[%emt 0:02:30]} Kd6 {[%emt 0:00:01]} 39. Rxh6 {[%emt 0:01:30]} Ra8 {[%emt 0:00:01]} 40. Rh3 {[%emt 0:00:30]} Ra2+ {[%emt 0:00:00]} 41. Ke1 {[%emt 0:12:30]} Ra1+ {[%emt 0:00:04]} 42. Ke2 {[%emt 0:00:30]} Ra2+ {[%emt 0:00:19]} 43. Kf3 {[%emt 0:04:30]} Rc2 {[%emt 0:00:01]} 44. Kg4 {[%emt 0:02:30]} Rxf2 {[%emt 0:00:02]} 45. Rg3 {[%emt 0:00:30]} Rf5 {[%emt 0:00:01]} 46. Rf3 {[%emt 0:01:01]} b5 {[%emt 0:00:33]} 47. Re3 {[%emt 0:02:33]} Kd5 {[%emt 0:03:10]} 48. g3 {[%emt 0:00:30]} b4 {[%emt 0:00:28]} 49. cxb4 {[%emt 0:01:01]} Kxd4 {[%emt 0:00:09]} 50. Rxe6 {[%emt 0:01:06]} Rb5 {[%emt 0:00:01]} 51. Rd6+ {[%emt 0:06:45]} Kc3 {[%emt 0:00:01]} 52. h4 {[%emt 0:01:01]} gxh4 {[%emt 0:00:30]} 53. gxh4 {[%emt 0:00:00]} Kxb4 {[%emt 0:00:00]} 1/2-1/2

[Event "Turkish Club Cup 2019"]
[Site "Konya"]
[Date "2019.07.18"]
[Round "4"]
[White "Salman, Ilhan Serhat"]
[Black "Aydin, Ismail"]
[Result "1-0"]
[WhiteElo "1950"]
[BlackElo "1896"]
[Annotator "NA RC"]
[PlyCount "141"]
[EventDate "2019.07.16"]
[EventType "team-tourn"]
[EventCountry "TUR"]
[SourceTitle "playchess.com"]
[Source "ChessBase"]
[SourceQuality "1"]
[TimeControl "5400+30"]

1. Nf3 {[%emt 0:00:30]} Nf6 {[%emt 0:00:30]} 2. g3 {[%emt 0:00:30]} c5 {[%emt 0:01:30]} 3. d4 {[%emt 0:02:30]} cxd4 {[%emt 0:02:30]} 4. Nxd4 {[%emt 0:00:30]} g6 {[%emt 0:00:30]} 5. Bg2 {[%emt 0:00:30]} Bg7 {[%emt 0:00:30]} 6. O-O {[%emt 0:00:30]} O-O {[%emt 0:00:00]} 7. e4 {[%emt 0:12:30]} Nc6 {[%emt 0:12:00]} 8. c3 {[%emt 0:07:30]} Qb6 {[%emt 0:13:30]} 9. Nb3 {[%emt 0:02:30]} d6 {[%emt 0:00:30]} 10. Be3 {[%emt 0:00:30]} Qa6 {[%emt 0:05:30]} 11. h3 {[%emt 0:09:30]} Be6 {[%emt 0:06:30]} 12. Re1 {[%emt 0:03:30]} Rad8 {[%emt 0:00:00]} 13. Na3 {[%emt 0:01:30]} Ne5 {[%emt 0:10:00]} 14. Nd4 {[%emt 0:01:30]} Bd7 {[%emt 0:03:30]} 15. Bf1 {[%emt 0:24:30]} Qa4 {[%emt 0:00:30]} 16. Qxa4 {[%emt 0:00:30]} Bxa4 {[%emt 0:00:30]} 17. f4 {[%emt 0:00:30]} Nc6 {[%emt 0:04:30]} 18. b3 {[%emt 0:05:30]} Nxd4 {[%emt 0:03:30]} 19. Bxd4 {[%emt 0:00:30]} Bc6 {[%emt 0:09:30]} 20. Bg2 {[%emt 0:00:30]} e5 {[%emt 0:01:30]} 21. fxe5 {[%emt 0:04:38]} dxe5 {[%emt 0:00:30]} 22. Bc5 {[%emt 0:02:57]} Rfe8 {[%emt 0:00:30]} 23. Bxa7 {[%emt 0:03:01]} Rd3 {[%emt 0:01:30]} 24. Bf2 {[%emt 0:03:34]} Rxc3 {[%emt 0:02:30]} 25. Nc4 {[%emt 0:00:18]} Nh5 {[%emt 0:01:26]} 26. Rac1 {[%emt 0:02:27]} Rd3 {[%emt 0:05:07]} 27. Bf1 {[%emt 0:01:49]} Rd7 {[%emt 0:01:02]} 28. Na5 {[%emt 0:00:15]} Bh6 {[%emt 0:00:13]} 29. Be3 {[%emt 0:01:15]} Bxe3+ {[%emt 0:03:02]} 30. Rxe3 {[%emt 0:00:03]} Re6 {[%emt 0:00:42]} 31. Nxc6 {[%emt 0:02:39]} bxc6 {[%emt 0:00:57]} 32. Be2 {[%emt 0:04:00]} Rd2 {[%emt 0:01:01]} 33. Bxh5 {[%emt 0:01:01]} gxh5 {[%emt 0:00:30]} 34. a4 {[%emt 0:00:30]} h4 {[%emt 0:00:30]} 35. Ra1 {[%emt 0:01:52]} Rf6 {[%emt 0:02:46]} 36. Rf1 {[%emt 0:00:20]} Rg6 {[%emt 0:00:00]} 37. Rf2 {[%emt 0:01:14]} Rd1+ {[%emt 0:00:11]} 38. Kg2 {[%emt 0:00:00]} Rd4 {[%emt 0:00:25]} 39. Ra2 {[%emt 0:00:49]} c5 {[%emt 0:01:16]} 40. a5 {[%emt 0:00:12]} Ra6 {[%emt 0:01:04]} 41. gxh4 {[%emt 0:00:30]} Rb4 {[%emt 0:00:00]} 42. h5 {[%emt 0:00:45]} Rb5 {[%emt 0:00:00]} 43. Kg3 {[%emt 0:00:00]} Rbxa5 {[%emt 0:01:02]} 44. Rxa5 {[%emt 0:00:19]} Rxa5 {[%emt 0:00:00]} 45. Kg4 {[%emt 0:00:13]} Ra1 {[%emt 0:04:07]} 46. Kf5 {[%emt 0:00:48]} Ra3 {[%emt 0:00:40]} 47. Rc3 {[%emt 0:01:10]} Kg7 {[%emt 0:00:32]} 48. Rxc5 {[%emt 0:01:01]} Rxb3 {[%emt 0:00:05]} 49. Kg4 {[%emt 0:00:13]} Kf6 {[%emt 0:01:18]} 50. Rc6+ {[%emt 0:00:30]} Ke7 {[%emt 0:00:00]} 51. Rc7+ {[%emt 0:00:22]} Ke6 {[%emt 0:00:28]} 52. Rc6+ {[%emt 0:00:01]} Ke7 {[%emt 0:00:49]} 53. Rh6 {[%emt 0:00:50]} f6 {[%emt 0:02:35]} 54. Rxh7+ {[%emt 0:00:37]} Ke6 {[%emt 0:00:30]} 55. Ra7 {[%emt 0:00:00]} Re3 {[%emt 0:00:57]} 56. Ra6+ {[%emt 0:00:54]} Kf7 {[%emt 0:00:30]} 57. Ra7+ {[%emt 0:00:00]} Ke6 {[%emt 0:00:00]} 58. Ra6+ {[%emt 0:01:08]} Kf7 {[%emt 0:00:06]} 59. Ra7+ {[%emt 0:00:30]} Ke6 {[%emt 0:00:00]} 60. h6 {[%emt 0:00:18]} Rxe4+ {[%emt 0:00:03]} 61. Kh5 {[%emt 0:00:00]} Rd4 {[%emt 0:01:35]} 62. h7 {[%emt 0:00:00]} Rd8 {[%emt 0:00:16]} 63. Kg6 {[%emt 0:00:01]} e4 {[%emt 0:01:26]} 64. Ra6+ {[%emt 0:00:17]} Ke5 {[%emt 0:00:00]} 65. Rxf6 {[%emt 0:00:48]} e3 {[%emt 0:00:10]} 66. Rf7 {[%emt 0:00:23]} Rd6+ {[%emt 0:00:59]} 67. Kg5 {[%emt 0:00:25]} Rd8 {[%emt 0:00:06]} 68. Re7+ {[%emt 0:00:12]} Kd4 {[%emt 0:00:14]} 69. Kg6 {[%emt 0:00:04]} e2 {[%emt 0:02:22]} 70. Rxe2 {[%emt 0:00:55]} Rd6+ {[%emt 0:00:01]} 71. Kf7 {[%emt 0:02:09]} 1-0